MARC

LEADER 00000nam0a2200000 4500
001 112526
005 20231031121456.0
010 |a 5288000476 
020 |a RU  |b 89-14152 
035 |a (RuTPU)RU\TPU\book\121670 
090 |a 112526 
100 |a 20070329d1989 m y0rusy5003 ca 
101 0 |a rus 
102 |a RU 
105 |a y j 001zy 
200 1 |a Управление технологическими процессами (математические модели)  |e учебное пособие  |f П. П. Смышляев, В. М. Лыкосов, Л. П. Осипков  |g Ленинградский государственный университет им. А. А. Жданова (ЛГУ) ; под ред. В. И. Зубова 
210 |a Ленинград  |c Изд-во ЛГУ  |d 1989 
215 |a 282 с. 
320 |a Библиогр.: с. 275-276. 
610 1 |a технологические процессы 
610 1 |a управление 
610 1 |a математические модели 
610 1 |a теплоперенос 
610 1 |a массоперенос 
610 1 |a построение 
610 1 |a задачи 
610 1 |a учебные пособия 
675 |a 65.011.56(075.8)  |v 3 
700 1 |a Смышляев  |b П. П.  |g Павел Петрович  |4 070 
701 1 |a Лыкосов  |b В. М.  |g Виктор Михайлович 
701 1 |a Осипков  |b Л. П.  |g Леонид Петрович 
702 1 |a Зубов  |b В. И.  |4 340 
712 0 2 |a Ленинградский государственный университет им. А. А. Жданова (ЛГУ)  |c (1917-1999)  |2 stltpush  |3 (RuTPU)RU\TPU\col\77 
801 0 |a RU  |b RuMRKP  |c 19950417  |g psbo 
801 1 |a RU  |b 63413507  |c 20070329  |g PSBO 
801 2 |a RU  |b 63413507  |c 20080417  |g PSBO 
942 |c BK